| 000 | 00560nam a2200181Ia 4500 | ||
|---|---|---|---|
| 003 | GCL | ||
| 008 | 140319s9999 xx 000 0 ara d | ||
| 040 |
_aGCL / _cGCL |
||
| 082 | 0 | 4 |
_a953 _bم ف |
| 100 | 1 | _aمحمد ضيف الله بطاينة | |
| 245 | 1 | 0 |
_aفى تاريخ الحضارة العربية الاسلامية / _cمحمد ضيف الله بطاينة |
| 300 | _a169 ص | ||
| 490 | _a | ||
| 650 | 0 | 4 | _aالنظام السياسى |
| 650 | 0 | 4 | _aالحضارة الاسلامية |
| 650 | 0 | 4 | _aالفلك - الاقتصاد |
| 942 |
_2ddc _cBK |
||
| 999 |
_c44775 _d44775 |
||